Find the Thief Logic Puzzle Quiz Stats

 Plays Quiz not verified by Sporcle

Challenge
Share
Tweet
Score 0/25 Timer 20:00
0 Plays Today
Suspects % Correct
John




???
100%
Jake




???
83.3%
Mike




???
80%
Matt




???
78.8%
Chad




???
78.5%
Megan




???
76.9%
Chloe




???
75.9%
Ethan




???
55.2%
Mark




???
54.4%
Mason




???
53%
Jack




???
48.5%
Justin




???
47.6%
Jane




???
45.6%
Suspects % Correct
Christofer




???
41.3%
Samuel




???
40.8%
Steven




???
30.3%
Cameron




???
29.1%
Evan




???
28.8%
Erica




???
28.4%
Elijah




???
28.1%
Carl




???
26.8%
Stewart




???
26.8%
Edward




???
26.7%
Stephanie




???
26%
Simon




???
25.1%

You're not logged in!

Compare scores with friends on all Sporcle quizzes.
OR
Log In

You Might Also Like...

Show Comments

Extras

Created May 23, 2014ReportNominate
Tags:Logic Quiz, Puzzle Quiz, thief

Top Quizzes Today


Score Distribution

Your Account Isn't Verified!

In order to create a playlist on Sporcle, you need to verify the email address you used during registration. Go to your Sporcle Settings to finish the process.

Report this User

Report this user for behavior that violates our Community Guidelines.

Details: